00581ntm a22002297a 450000500170000000800410001702000180005804100080007608200200008410000380010424500190014225000170016126000150017826000090019326000090020230000180021149000300022965000150025965000180027465000180029265000410031020250819174606.0160208b2022 xxu||||| |||| 00| 0 spa d a9789977130302 aESP a345.05 C8374c27 aCosta Rica. Leyes, decretos, etc. aCódigo penal a27 edición aCosta Rica bIJSA c2022 a364 páginas aInvestigación Criminal  aCOSTA RICA aLEGISLACIÓN aDERECHO PENAL aLEY CONTRA EL ACOSO SEXUAL CALLEJERO